00405nam a2200133Ia 4500100001600000942000700016654001500023245004400038260004700082082001000129546001200139999001700151952010300168 aMonday/ c.  cBK aProduction aMilling Cutter Production & Calculation bMAchinerys Standard Reference Seriesc2001 a621.9 aENGLISH c34300d34300 001040708AFTaCRCEbCRCEd2023-03-17g6.30l0o621.9 pAFT495r2023-03-17v6.30w2023-03-17yBK